LEADER 00831nam0-22002771i-450- 001 990006304940403321 005 19980601 035 $a000630494 035 $aFED01000630494 035 $a(Aleph)000630494FED01 035 $a000630494 100 $a19980601d1921----km-y0itay50------ba 105 $a--------00-yy 200 1 $aQuestioni Universitarie$ediscorso... in risposta alla interpellanza dei senatori Maragliano, Foa', Tamassia ed altri$fBenedetto Croce. 210 $aRoma$cTip. del Senato$d1921 215 $a21 p.$d24 cm 676 $a080 700 1$aCroce,$bBenedetto$f<1866-1952>$09641 801 0$aIT$bUNINA$gRICA$2UNIMARC 901 $aBK 912 $a990006304940403321 952 $aBUSTA 14 (4) 5$bmanca$fFGBC 959 $aFGBC 996 $aQuestioni Universitarie$9489066 997 $aUNINA DB $aGIU01 LEADER 00928nam a22002411i 4500 001 991001340759707536 005 20031103095824.0 008 040407s1979 it |||||||||||||||||ita 035 $ab12755485-39ule_inst 035 $aARCHE-073511$9ExL 040 $aDip.to Scienze Storiche$bita$cA.t.i. Arché s.c.r.l. Pandora Sicilia s.r.l. 082 04$a872.3 100 1 $aBertini, Ferruccio$0167632 245 13$aIl teatro di Rosvita /$cFerruccio Bertini ; con un saggio di traduzione e di interpretazione del Callimaco 260 $aGenova :$bTilgher,$c1979 300 $a140 p., [2] c. di tav. ;$c21 cm 650 4$aRosvita 907 $a.b12755485$b02-04-14$c16-04-04 912 $a991001340759707536 945 $aLE009 STOR.35-5$g1$i2009000091986$lle009$o-$pE0.00$q-$rl$s- $t0$u7$v5$w7$x0$y.i13294726$z16-04-04 996 $aTeatro di Rosvita$9266950 997 $aUNISALENTO 998 $ale009$b16-04-04$cm$da $e-$fita$git $h3$i1